Quizzes
Events
Quiz Creation
Community
Videos
Private Events
Remove Ads
Sign In
Join for FREE
Feedback
Dark Mode
Quiz Categories
Sports
Geography
Music
Movies
Television
Just For Fun
Miscellaneous
History
Literature
Language
Science
Gaming
Entertainment
Religion
Holiday
For Kids
Quiz Lab
Recent
Popular Today
Quiz Kudos Today
Editor Picks
Curator Picks
Quizzes by...
Day
Popularity
Type
Ratings
Length
Year
Community
Subscriptions
Recent Discussions
Orange Saloon
Badges
Playlists
Quests
Create
Leaderboards
Showdown
Live 5
Trivia Bingo
Activity
Puzzle Library
Sporcle Events
Private Events
Virtual Trivia
Globe League
Become a Host
Pub Owners
SporcleCon
Opinionation
Our Games
Videos
Blog
Mobile Apps
Partnerships
Remove Ads and Go Orange
Feedback
Sports
Athletes
MLB
NBA
NHL
NFL
Soccer
Sports Teams
WWE
NCAA
Football
Premier League
Basketball
Baseball
Hockey
Golf
Tennis
Cricket
Rugby
Auto Racing
Olympics
World Cup
Sports
Athletes
MLB
NBA
NHL
NFL
Soccer
Sports Teams
WWE
NCAA
Football
Premier League
Basketball
Baseball
Hockey
Golf
Tennis
Cricket
Rugby
Auto Racing
Olympics
World Cup
Random Quiz
Search Sporcle
×
Quiz Lab
Quiz Lab
Sports
Football
Type answers based on single images at one time
Type answers based on single images at one time
Slideshow
Best Score? Go Orange.
Argentine Primera División 2015 - Leading Players Stats
Can you name the most important players from the Argentine First Division in 2015?
By
Koscielny
8m
45 Questions
30 Plays
30 Plays
30 Plays
Comments
Comments
Give Quiz Kudos
Give Quiz Kudos
-
- Ratings
hide this ad
Replay
Link that replays current quiz
Next Quiz
Link to next quiz in quiz playlist
You Got
0%
They Got
Avg Score
57%
Avg Friend Score
Upgrade to see
Score Distribution
Jump to the score distribution portion of the page
Score
0/45
Timer
08:00
0
Plays Today
% Correct
Carlos Tévez
100%
Ramiro Funes Mori
93.3%
Diego Milito
86.7%
Maxi Rodríguez
80%
Álvaro Pereira
73.3%
Cristian Rodríguez
70%
Néstor Ortigoza
70%
Marco Ruben
70%
Daniel Osvaldo
70%
Daniel Montenegro
66.7%
Fernando Gago
66.7%
Juan Carlos Olave
63.3%
Gustavo Bou
63.3%
Carlos Sánchez
63.3%
Teo Gutiérrez
63.3%
Fernando Cavenaghi
60%
Ramón 'Wanchope' Ábila
60%
Jonathan Calleri
60%
Carlos Luna
60%
Sebastián Saja
60%
Santiago Silva
60%
Jaime Ayoví
56.7%
Leandro Romagnoli
56.7%
% Correct
Juan Mercier
56.7%
Nicolás Lodeiro
56.7%
José Sand
53.3%
Claudio Bieler
53.3%
Lautaro Acosta
53.3%
Patricio Toranzo
53.3%
Nacho Fernández
50%
Marcelo Larrondo
50%
Emmanuel Más
50%
Federico Vismara
50%
Jesús Méndez
46.7%
Javier Pinola
46.7%
Gastón Fernández
46.7%
Alejandro Gagliardi
43.3%
Nicolás Bertolo
43.3%
Matías Kranevitter
43.3%
Leandro Fernández
40%
Ignacio Malcorra
36.7%
Carlos Bueno
36.7%
Esteban Saveljich
36.7%
Juan Sánchez Sotelo
33.3%
Ezequiel Ham
30%
Quiz Playlist
Details
Report
Send in Message
Add To Playlist
Slideshow:
Type answers based on single images at one time
Last Updated: Feb 7, 2018
Quiz Scoreboard
CHALLENGE
Sign Up to Join the Scoreboard
Show All
Scores
Hide
Comments
May contain spoilers
Recently Published
Movies - When Are They Set?
by FPL_Elf
Movies
5m
Popular People in 1961
by mucciniale
History
6m
1-10 Letter E Words III
by El_Dandy
Language
2m
More to Explore
Quiz From the Vault
Featured Blog Post
Where Did the Easter Bunny Come From?
hide this ad
You Might Also Like...
Tags
Football Quiz
Football Players
futbol
Futbol Argentino
Today's Top Quizzes in Sports
Browse Sports
hide this ad
Today's Top Quizzes in Football
Browse Football
Top Contributed Quizzes in Sports
1
Les meilleurs buteurs des matchs entre le PSG et l’OM
2
Les entraîneurs de l'OM et du PSG au 21e siècle
3
FIFA Club World Cup Champions
4
2022 World Cup Stars
5
Name the Premier League winners with different clubs
6
La finale Lions - Afrique du Sud 2021
7
Criteria MLB: Left Handed Sluggers
8
Players with Multiple 50 Home Run Seasons
9
MLB Players with Two .350 Batting Average Seasons
10
MLB Hall of Famer by Rings
Explore More
Trending Topics
Marvel
Kpop
NBA
Disney
Crossword
Harry Potter
Anime
Country
The Office
Pokémon
Soccer
Puzzle
WWE
Song
NFL
hide this ad
More By:
Koscielny
Quiz
Plays
Rating
Category
Featured
Created
50 Songs by System of a Down
6,148
5.00
Music
Apr 28, 2016
Football champions who Marty McFly didn't see
5,493
4.72
Sports
Oct 21, 2015
Teams in World Cup 2018 that were not in 2014
1,671
4.67
Sports
Dec 3, 2017
Goodbye, River Plate
1,063
5.00
Sports
Jun 13, 2019
Goodbye, Boca Juniors
1,005
5.00
Sports
Jun 13, 2019
Go to Creator's Profile
Score Distribution
Quiz Creator Spotlight
Koscielny
Follow
Send a Message
Quizzes Created
-
Created Quiz Play Count
-
More By This Creator
Popular Quizzes Today
1
Find the US States - No Outlines Minefield
2
Find the Countries of Europe - No Outlines Minefield
3
The Countries of the World
4
Popular People in 1961
5
1-10 Letter E Words III
6
US States
7
Find the US States
8
One Thing in Common: World Cities II
More Sports Quizzes
MLB MVP Without a World Series Appearance
Published
Trending Quizzes
Risky Map Clicking: Least Populous States A-Z
1-10 Letter F Words
1-10 Letter G Words
One Thing in Common: United Kingdom
Risky Map Clicking: Next State Alphabetically
Recently Updated
Leaping Animals
pecheneg
Reality TV Shows (A-Z)
bhenderson79
Rickey Henderson's Hall of Fame Teammates
pecheneg
Champions League XIs: Arsenal
pecheneg
Quick Pick: Celebrities in WWE's Hall of Fame
aduchscher
A-Z Keypad Blitz II
pecheneg
Multiple Oscar Actors
pecheneg
Mystery Phrase Blitz: Oscar 'Best Actors'
pecheneg
F. Scott Fitzgerald Novels
LTH
Pick 3 Villains
ddd62291
Trending Topics
Disney
Harry Potter
NBA
Kpop
Marvel
Crossword
Anime
Pokémon
Puzzle
Soccer
WWE
The Office
Song
NFL
Country
Your Account Isn't Verified!
In order to create a playlist on Sporcle, you need to verify the email address you used during registration. Go to your
Sporcle Settings
to finish the process.
Report this User
Report this user for behavior that violates our
Community Guidelines
.
Details:
Send Report
Go to the Sporcle.com Mobile Site →
Comments